000
00288nam a2200121Ia 4500
008
190216s9999||||xx |||||||||||||| ||und||
100
_a
Noel Morris
245
0
_a
Industrial Electronics
260
_b
Tata Mcgrawhill Publishers
_c
1986
300
_a
303p
650
_a
Physics
942
_c
BK
999
_c
33120
_d
33120